| 000 | 00445nam a2200169Ia 4500 | ||
|---|---|---|---|
| 003 | LK-CoDNM | ||
| 005 | 20240122152828.0 | ||
| 008 | 010623t1927 xxu||||| |||| 00| 1 sin d | ||
| 040 |
_aLK-CoDNM _dLK-CoDNM _eLK-CoDNM |
||
| 041 | _asin | ||
| 080 |
_a104 _bL 2 |
||
| 245 | _aකාමච්චන්ද සංයෝජනය | ||
| 246 | _aKaamachchanda Sanyojanaya | ||
| 260 |
_bWijaya _aAmbalangoda _c1927 |
||
| 300 | _b40p, 21 cm | ||
| 942 | _cBK | ||
| 999 |
_c93981 _d93981 |
||